000 00311nam a22001457a 4500
008 180814b xxu||||| |||| 00| 0 eng d
020 _a9780534614522
041 _aeng
080 _a159.9
082 _a159.9
100 _a48
101 _aPSI
245 _aBecoming a helper
_cCorey.M.S
942 _2udc
_cBK
999 _c47138
_d47138